Effect of storage on properties of marketable forms of natural rubber: Influence of humidity and temperature (Record no. 51814)

MARC details
000 -LEADER
fixed length control field 00486nam a2200169Ia 4500
100 ## - MAIN ENTRY--AUTHOR NAME
Personal name Varghese L
245 #0 - TITLE STATEMENT
Title Effect of storage on properties of marketable forms of natural rubber: Influence of humidity and temperature
260 ## - PUBLICATION, DISTRIBUTION, ETC. (IMPRINT)
Name of publisher Rubber South News
Year of publication 2007
300 ## - PHYSICAL DESCRIPTION
Number of Pages 10-Jul
650 ## - SUBJECT ADDED ENTRY--TOPICAL TERM
Topical Term NR
650 ## - SUBJECT ADDED ENTRY--TOPICAL TERM
Topical Term Storage property
700 ## - ADDED ENTRY--PERSONAL NAME
Personal name Geethakumari Amma M L
700 ## - ADDED ENTRY--PERSONAL NAME
Personal name Mathew N M
700 ## - ADDED ENTRY--PERSONAL NAME
Personal name Thomas K T
942 ## - ADDED ENTRY ELEMENTS (KOHA)
Koha item type Bibliography STAF
Holdings
Withdrawn status Lost status Damaged status Not for loan Home library Current library Date acquired Serial Enumeration / chronology Koha item type
      Bibliography RRII Library RRII Library 01/01/2021 Volume 3, Issue 3 Bibliography STAF